000 00926nam a2200265Ia 4500
003 OSt
005 20220930091937.0
006 a|||||r|||| 00| 0
007 ta
008 220926b |||||||| |||| 00| 0 eng d
024 _a11294
037 _cTheses
040 _aCRL
_cCRL
_beng
041 _2eng
_aeng
100 _aViraraghavan V. R. Au.
_9547228
110 _aUniversity of Delhi. Faculty of Medical Science. Department of Pediatrics
245 0 _aEffect of high dose vitamin Dsupplementation on vitamin D nutrition status of pre - pubertal children on anti - epileptic drugs - A randomized controlled trial
260 _c2014
300 _a90p.
_ap.
_ccm.
650 _aCHILDREN - DISEASES
700 _a Seth Anju Gu.
_9544572
700 _aUniversity of Delhi. Faculty of Medical Science. Department of Pediatrics
942 _cDIS
_2CC
999 _c882922
_d882922